000
00341nam a2200145Ia 4500
003
OSt
005
20240301100853.0
008
170524s9999 xx 000 0 und d
020
_a
9789389538274
040
_c
IIMT UNIVERSITY
100
_a
Aswatnappa
245
0
_a
INTERNATIONAL HUMAN RESOURCE MANAGEMENT
260
_a
TMH
942
_2
ddc
_c
02
999
_c
3081
_d
3081